[Event "Canadian op"]
[Site "Toronto"]
[Date "2010.07.12"]
[Round "3"]
[White "Wu, Aaron"]
[Black "Krnan, Tomas"]
[Result "0-1"]
[WhiteElo "1974"]
[BlackElo "2408"]
[PlyCount "34"]
[EventDate "2010.07.10"]
[EventType "swiss"]
[EventRounds "9"]
[EventCountry "CAN"]
[SourceTitle "CBM 137 Extra"]
[Source "ChessBase"]
[SourceDate "2010.09.01"]
[SourceVersion "1"]
[SourceVersionDate "2010.09.01"]
[SourceQuality "1"]

1. e4 d5 2. exd5 Nf6 3. d4 Nxd5 4. c4 Nb6 5. Nc3 e5 6. dxe5 Qxd1+ 7. Nxd1 Nc6 8. f4 Be6 9. Ne3 Bc5 10. Bd2 0-0-0 11. Nf3 f6 12. exf6 gxf6 13. Be2 Rhe8 14. b3 Bd7 15. Nd5 Nxd5 16. cxd5 Nd4 17. Nxd4 Bxd4 0-1

[Event "Toronto Howard Ridout op"]
[Site "Toronto"]
[Date "2009.10.29"]
[Round "8"]
[White "Wu, Aaron"]
[Black "Jizan, Masoud"]
[Result "1-0"]
[WhiteElo "1963"]
[BlackElo "1718"]
[PlyCount "72"]
[EventDate "2009.09.10"]
[EventType "swiss"]
[EventRounds "8"]
[EventCountry "CAN"]
[SourceTitle "EXT 2011"]
[Source "ChessBase"]
[SourceDate "2010.11.26"]
[SourceVersion "1"]
[SourceVersionDate "2010.11.26"]
[SourceQuality "1"]

1. e4 e5 2. Nf3 Nc6 3. Bb5 Nge7 4. 0-0 a6 5. Bc4 d5 6. exd5 Nxd5 7. d4 exd4 8. Nxd4 Be7 9. Nxc6 bxc6 10. Qf3 0-0 11. Rd1 Bf6 12. Bxd5 cxd5 13. Qxd5 Bb7 14. Qxd8 Raxd8 15. Rf1 Rfe8 16. Na3 Re4 17. Rb1 Rg4 18. g3 h5 19. Bf4 h4 20. h3 Rg6 21. g4 Bf3 22. Kh2 Bd4 23. c3 Ba7 24. Nc4 Be2 25. Ne5 Rf6 26. Bg5 Bxf1 27. Rxf1 Rd5 28. Bxf6 gxf6 29. Nf3 Rb5 30. b3 a5 31. Kg2 a4 32. Rb1 Bc5 33. Nxh4 Bd6 34. Kf3 Re5 35. Nf5 Re6 36. Nxd6 cxd6 1-0

[Event "Toronto Howard Ridout op"]
[Site "Toronto"]
[Date "2009.10.22"]
[Round "7"]
[White "Ugodnikov, Arkadiy"]
[Black "Wu, Aaron"]
[Result "1-0"]
[WhiteElo "1748"]
[BlackElo "1963"]
[PlyCount "75"]
[EventDate "2009.09.10"]
[EventType "swiss"]
[EventRounds "8"]
[EventCountry "CAN"]
[SourceTitle "EXT 2011"]
[Source "ChessBase"]
[SourceDate "2010.11.26"]
[SourceVersion "1"]
[SourceVersionDate "2010.11.26"]
[SourceQuality "1"]

1. e4 c5 2. Nf3 Nc6 3. Bb5 e6 4. Bxc6 bxc6 5. d3 d6 6. 0-0 e5 7. h3 f5 8. Bg5 Be7 9. Bxe7 Qxe7 10. Nbd2 Nf6 11. Re1 f4 12. c3 0-0 13. d4 cxd4 14. cxd4 Ba6 15. Qc2 Rac8 16. Rac1 Nd7 17. Nc4 Nb6 18. Na5 c5 19. dxe5 dxe5 20. Nb3 c4 21. Nbd2 Kh8 22. Qc3 Nd7 23. Qa5 Qf6 24. b3 Nc5 25. Rc3 Nd3 26. Rb1 cxb3 27. Rbxb3 Nc1 28. Rxc8 Rxc8 29. Ra3 Bc4 30. Nxe5 Ne2+ 31. Kh2 Be6 32. Ndf3 g5 33. Qd2 Qe7 34. Ra5 Nc3 35. Qd4 Ne2 36. Ng6+ Kg8 37. Qh8+ Kf7 38. Nfe5# 1-0

[Event "Scarborough CC Spring op"]
[Site "Toronto"]
[Date "2009.05.07"]
[Round "2"]
[White "Yuan, Yuanling"]
[Black "Wu, Aaron"]
[Result "1-0"]
[WhiteElo "2286"]
[BlackElo "1961"]
[PlyCount "57"]
[EventDate "2009.04.30"]
[EventType "swiss"]
[EventRounds "9"]
[EventCountry "CAN"]
[SourceTitle "EXT 2011"]
[Source "ChessBase"]
[SourceDate "2010.11.26"]
[SourceVersion "1"]
[SourceVersionDate "2010.11.26"]
[SourceQuality "1"]

1. e4 c5 2. Nf3 Nc6 3. d4 cxd4 4. Nxd4 e5 5. Nb5 d6 6. c4 a6 7. N5c3 Nf6 8. h3 Be7 9. Be3 0-0 10. Be2 Be6 11. 0-0 Rc8 12. Nd2 Nxe4 13. Ndxe4 f5 14. Nd5 fxe4 15. Bg4 Bf5 16. Nb6 Rb8 17. Qd5+ Kh8 18. Bxf5 Rxf5 19. Qxe4 Rf8 20. Rad1 Nd4 21. Nd5 Nf5 22. Ba7 Rc8 23. Rd3 Nd4 24. Nxe7 Rxc4 25. Bxd4 Rf4 26. Qe3 Qxe7 27. Bc3 Qf8 28. Qd2 Rf6 29. Bxe5 1-0

[Event "Scarborough CC-ch reserves op"]
[Site "Toronto"]
[Date "2009.03.05"]
[Round "2"]
[White "Armstrong, Robert J"]
[Black "Wu, Aaron"]
[Result "0-1"]
[WhiteElo "1827"]
[BlackElo "1995"]
[PlyCount "86"]
[EventDate "2009.02.26"]
[EventType "swiss"]
[EventRounds "9"]
[EventCountry "CAN"]
[SourceTitle "EXT 2011"]
[Source "ChessBase"]
[SourceDate "2010.11.26"]
[SourceVersion "1"]
[SourceVersionDate "2010.11.26"]
[SourceQuality "1"]

1. d4 Nf6 2. c4 g6 3. Nc3 Bg7 4. e4 d6 5. f3 0-0 6. Be3 Nbd7 7. g4 c5 8. Nge2 a6 9. Ng3 Rb8 10. a4 Qa5 11. d5 Ne5 12. Be2 Qb4 13. Qd2 Nxc4 14. Bxc4 Qxc4 15. Bh6 Nd7 16. Bxg7 Kxg7 17. f4 Nf6 18. g5 Ng8 19. h4 f5 20. gxf6+ Nxf6 21. h5 Bg4 22. hxg6 hxg6 23. f5 Rh8 24. Qg5 Rxh1+ 25. Nxh1 Rh8 26. Qxg6+ Kf8 27. Nf2 Qd4 28. Qg5 Bf3 29. Qf4 Rg8 30. Qxf3 Rg1+ 31. Ke2 Rxa1 32. Ng4 Nxg4 33. Qxg4 Rc1 34. Qh4 Rc2+ 35. Kf3 Qd3+ 36. Kg4 Rg2+ 37. Kf4 Ke8 38. f6 Qf1+ 39. Ke3 Qxf6 40. Qh5+ Kd8 41. Nd1 Qd4+ 42. Kf3 Qxd1+ 43. Kxg2 Qxh5 0-1

[Event "Toronto Hart House Reading Week op"]
[Site "Toronto"]
[Date "2009.02.22"]
[Round "5"]
[White "Armstrong, Robert J"]
[Black "Wu, Aaron"]
[Result "1/2-1/2"]
[WhiteElo "1845"]
[BlackElo "1995"]
[PlyCount "76"]
[EventDate "2009.02.20"]
[EventType "swiss"]
[EventRounds "5"]
[EventCountry "CAN"]
[SourceTitle "EXT 2011"]
[Source "ChessBase"]
[SourceDate "2010.11.26"]
[SourceVersion "1"]
[SourceVersionDate "2010.11.26"]
[SourceQuality "1"]

1. d4 Nf6 2. c4 g6 3. Nc3 Bg7 4. e4 d6 5. f3 0-0 6. Be3 e5 7. d5 Ne8 8. g4 Na6 9. h4 c6 10. Qd2 cxd5 11. Nxd5 Nac7 12. 0-0-0 Nxd5 13. cxd5 Bd7 14. Kb1 b5 15. h5 a5 16. Be2 b4 17. hxg6 fxg6 18. Bh6 Nf6 19. Bxg7 Kxg7 20. Qh6+ Kg8 21. g5 Nh5 22. Rxh5 gxh5 23. g6 Qe7 24. gxh7+ Qxh7 25. Qxd6 Qg7 26. Qb6 Rf6 27. d6 Rg6 28. Bc4+ Kh7 29. Ne2 Rc8 30. Bb5 Bxb5 31. Qxb5 Rd8 32. d7 Qe7 33. Rd5 h4 34. Qxa5 h3 35. Rxe5 Qxd7 36. Rd5 Rd6 37. Rh5+ Rh6 38. Rd5 Rd6 1/2-1/2

[Event "Scarborough CC Jack Frost"]
[Site "Toronto"]
[Date "2009.01.08"]
[Round "1"]
[White "Mesiti, Silvano"]
[Black "Wu, Aaron"]
[Result "0-1"]
[WhiteElo "1690"]
[BlackElo "1995"]
[PlyCount "72"]
[EventDate "2009.01.08"]
[EventType "swiss"]
[EventRounds "7"]
[EventCountry "CAN"]
[SourceTitle "EXT 2011"]
[Source "ChessBase"]
[SourceDate "2010.11.26"]
[SourceVersion "1"]
[SourceVersionDate "2010.11.26"]
[SourceQuality "1"]

1. e4 c5 2. Nf3 Nc6 3. Nc3 g6 4. Bc4 Bg7 5. 0-0 e6 6. Nb5 d6 7. Nc3 a6 8. a4 Nge7 9. d3 0-0 10. Bg5 h6 11. Bd2 Rb8 12. Qc1 Kh7 13. Re1 Na5 14. Ba2 b5 15. axb5 axb5 16. Ne2 b4 17. Ng3 Bd7 18. e5 d5 19. d4 cxd4 20. Nxd4 Nec6 21. Nxc6 Nxc6 22. f4 Qc7 23. c3 b3 24. Bb1 Na5 25. Bd3 Bb5 26. Bxb5 Rxb5 27. Nf1 Rc8 28. Qd1 Nc4 29. Bc1 Bf8 30. Qe2 Ra5 31. Be3 Rca8 32. Rab1 Ra2 33. Bc1 Na3 34. bxa3 Rxe2 35. Rxe2 Qxc3 36. Re3 Bc5 0-1

[Event "Scarborough CC Spring Swiss"]
[Site "Toronto"]
[Date "2008.05.01"]
[Round "8"]
[White "Wu, Aaron"]
[Black "Armstrong, Robert J"]
[Result "0-1"]
[WhiteElo "1724"]
[BlackElo "1814"]
[PlyCount "94"]
[EventDate "2008.03.13"]
[EventType "swiss"]
[EventRounds "8"]
[EventCountry "CAN"]
[SourceTitle "EXT 2011"]
[Source "ChessBase"]
[SourceDate "2010.11.26"]
[SourceVersion "1"]
[SourceVersionDate "2010.11.26"]
[SourceQuality "1"]

1. e4 g6 2. d4 Bg7 3. Nf3 d6 4. c4 Nf6 5. Nc3 0-0 6. Be2 Nc6 7. d5 Nb8 8. Nd4 c5 9. Nc2 Na6 10. Be3 Bd7 11. Qd2 Nc7 12. Bh6 Rb8 13. Bxg7 Kxg7 14. a4 a6 15. Na3 Qe8 16. Qc2 e6 17. f3 exd5 18. cxd5 b5 19. axb5 axb5 20. Nab1 b4 21. Nd1 Nb5 22. Bxb5 Bxb5 23. b3 Nxd5 24. Kf2 Nf4 25. Nb2 Qe5 26. Rd1 Nd3+ 27. Rxd3 Bxd3 28. Nxd3 Qxa1 29. Nb2 Ra8 30. Nd2 Ra2 31. Ndc4 Rfa8 32. Kg3 Qe1+ 33. Kh3 Qc3 34. Qd1 Rxb2 35. Qxd6 Rxb3 36. Ne5 Re8 37. Nd7 Rb2 38. e5 Re2 39. Qf6+ Kg8 40. Qh4 R2xe5 41. Nf6+ Kg7 42. Qf4 Qe3 43. Nxe8+ Rxe8 44. Qc4 Re4 45. Qd5 Qh6+ 46. Qh5 Qxh5+ 47. Kg3 Qh4# 0-1

[Event "Scarborough CC Spring Swiss"]
[Site "Toronto"]
[Date "2008.03.20"]
[Round "2"]
[White "Wu, Aaron"]
[Black "Paterson, Jim"]
[Result "1-0"]
[WhiteElo "1724"]
[BlackElo "1821"]
[PlyCount "95"]
[EventDate "2008.03.13"]
[EventType "swiss"]
[EventRounds "8"]
[EventCountry "CAN"]
[SourceTitle "EXT 2011"]
[Source "ChessBase"]
[SourceDate "2010.11.26"]
[SourceVersion "1"]
[SourceVersionDate "2010.11.26"]
[SourceQuality "1"]

1. e4 g6 2. d4 Bg7 3. Nc3 c5 4. Nf3 cxd4 5. Nxd4 d6 6. Be3 Nc6 7. Qd2 Bd7 8. f3 h5 9. Bc4 a6 10. 0-0-0 Nxd4 11. Bxd4 Bxd4 12. Qxd4 Rh7 13. e5 dxe5 14. Qxe5 Qb8 15. Qd4 Bc6 16. Rhe1 Qc7 17. Ne4 Bxe4 18. Qxe4 Rc8 19. Bb3 Nf6 20. Qd4 Ng8 21. Qh4 Rd8 22. Rxd8+ Kxd8 23. Qd4+ Ke8 24. Qa7 Kf8 25. Qa8+ Kg7 26. Qe8 Qf4+ 27. Kb1 Qf6 28. Rd1 Nh6 29. Rd8 Qh4 30. a3 Qe1+ 31. Ka2 Kf6 32. Rb8 Nf5 33. Rxb7 Nd4 34. Rb6+ Ne6 35. Rxa6 Qe2 36. Qc8 g5 37. Qc3+ Kg6 38. Qd3+ Qxd3 39. cxd3 Kf5 40. Bxe6+ fxe6 41. g3 Rh8 42. Ra5+ Kf6 43. Kb1 g4 44. f4 h4 45. Rg5 hxg3 46. hxg3 Rh2 47. Re5 Rg2 48. Re3 1-0

[Event "Scarborough CC-ch reserves"]
[Site "Toronto"]
[Date "2008.02.07"]
[Round "6"]
[White "Wu, Kevin"]
[Black "Wu, Aaron"]
[Result "1-0"]
[WhiteElo "1674"]
[BlackElo "1724"]
[PlyCount "59"]
[EventDate "2008.01.03"]
[EventType "swiss"]
[EventRounds "10"]
[EventCountry "CAN"]
[SourceTitle "EXT 2011"]
[Source "ChessBase"]
[SourceDate "2010.11.26"]
[SourceVersion "1"]
[SourceVersionDate "2010.11.26"]
[SourceQuality "1"]

1. e4 c5 2. Nf3 g6 3. d4 cxd4 4. Nxd4 Bg7 5. Nc3 Nc6 6. Be3 d6 7. Bc4 Nf6 8. f3 0-0 9. Qd2 Bd7 10. 0-0-0 Ne5 11. Bb3 Qa5 12. Kb1 Rfc8 13. h4 Nc4 14. Bxc4 Rxc4 15. Nb3 Qc7 16. g4 Rc8 17. h5 b5 18. hxg6 fxg6 19. e5 Nxg4 20. fxg4 Bxg4 21. Rdf1 Bxe5 22. Bd4 Bxd4 23. Nxd4 a6 24. Ne6 Bxe6 25. Qh6 Bf5 26. Qxh7+ Kf8 27. Qxg6 e5 28. Rxf5+ Ke7 29. Rh7+ Kd8 30. Rf8# 1-0

[Event "Scarborough CC Fall Swiss"]
[Site "Toronto"]
[Date "2007.12.06"]
[Round "6"]
[White "Bellomo, Joe"]
[Black "Wu, Aaron"]
[Result "1-0"]
[WhiteElo "1723"]
[BlackElo "1675"]
[PlyCount "77"]
[EventDate "2007.11.01"]
[EventType "swiss"]
[EventRounds "7"]
[EventCountry "CAN"]
[SourceTitle "EXT 2022"]
[Source "ChessBase"]
[SourceDate "2021.10.06"]
[SourceVersion "1"]
[SourceVersionDate "2021.10.06"]
[SourceQuality "1"]

1. e4 c5 2. Nf3 d6 3. d4 cxd4 4. Nxd4 Nf6 5. Nc3 a6 6. Be2 e6 7. 0-0 b5 8. a3 Bb7 9. Bg5 Be7 10. Kh1 Nxe4 11. Bxe7 Qxe7 12. Nxe4 Bxe4 13. f4 0-0 14. Nf3 Nd7 15. Ng5 Bb7 16. Bd3 Nf6 17. Re1 h6 18. Nf3 Ng4 19. Qe2 Qc7 20. Nh4 Nf6 21. f5 e5 22. c3 e4 23. Bc2 d5 24. Rf1 Qc4 25. Qd1 e3 26. Qe1 Ng4 27. Nf3 e2 28. Rg1 Rfe8 29. Nd4 Qc7 30. g3 Qe5 31. Rg2 Ne3 32. Rxe2 Re7 33. Qd2 Rae8 34. Rae1 Kf8 35. Rxe3 Qxe3 36. Rxe3 Rxe3 37. Kg1 g6 38. Ne6+ R8xe6 39. fxe6 1-0

[Event "Scarborough CC Fall Swiss"]
[Site "Toronto"]
[Date "2007.11.29"]
[Round "5"]
[White "Zeromskis, Egidijus"]
[Black "Wu, Aaron"]
[Result "1-0"]
[WhiteElo "2100"]
[BlackElo "1675"]
[PlyCount "145"]
[EventDate "2007.11.01"]
[EventType "swiss"]
[EventRounds "7"]
[EventCountry "CAN"]
[SourceTitle "EXT 2022"]
[Source "ChessBase"]
[SourceDate "2021.10.06"]
[SourceVersion "1"]
[SourceVersionDate "2021.10.06"]
[SourceQuality "1"]

1. e4 c5 2. Nc3 d6 3. g3 Nf6 4. Bg2 Nc6 5. d3 e6 6. f4 d5 7. e5 Nd7 8. Nge2 f6 9. exf6 Nxf6 10. 0-0 Bd6 11. Kh1 0-0 12. d4 Bd7 13. Be3 b6 14. f5 Rc8 15. dxc5 Bxc5 16. Bxc5 bxc5 17. Nf4 exf5 18. Ncxd5 Ne5 19. Nxf6+ Qxf6 20. Qd5+ Kh8 21. Rae1 Rfe8 22. Rxe5 Qxe5 23. Qxd7 Rcd8 24. Qxa7 Rd2 25. Qa4 Red8 26. h4 Qe3 27. Kh2 h6 28. Qc4 Rd1 29. Ng6+ Kh7 30. Nf8+ Kh8 31. Rxf5 Qg1+ 32. Kh3 R1d2 33. Qe4 R8d4 34. Rf1 Rxe4 35. Rxg1 Ree2 36. Ng6+ Kg8 37. Nf4 Re7 38. Bd5+ Kh7 39. Rg2 Rd1 40. Nd3 Rh1+ 41. Kg4 c4 42. Nf4 g6 43. Re2 h5+ 44. Kf3 Rf1+ 45. Kg2 Rxe2+ 46. Nxe2 Rb1 47. Bxc4 Rxb2 48. Bd3 Rxa2 49. Nf4 Ra5 50. Bxg6+ Kg7 51. Bxh5 Kh6 52. Bg6 Rc5 53. Bd3 Rc3 54. g4 Rc8 55. g5+ Kg7 56. Kg3 Ra8 57. h5 Ra3 58. Kg4 Ra4 59. c4 Ra5 60. c5 Ra3 61. c6 Rc3 62. c7 Rc6 63. Be4 Rc4 64. Bf5 Rxc7 65. Ne6+ Kg8 66. Nxc7 Kg7 67. Ne6+ Kf7 68. h6 Kg8 69. g6 Kh8 70. Kg5 Kg8 71. Kf6 Kh8 72. g7+ Kg8 73. h7# 1-0

[Event "Scarborough CC Spring Swiss"]
[Site "Toronto"]
[Date "2007.03.29"]
[Round "3"]
[White "Karpik, Steve"]
[Black "Wu, Aaron"]
[Result "1-0"]
[WhiteElo "1600"]
[BlackElo "1491"]
[PlyCount "129"]
[EventDate "2007.03.15"]
[EventType "swiss"]
[EventRounds "8"]
[EventCountry "CAN"]
[SourceTitle "EXT 2022"]
[Source "ChessBase"]
[SourceDate "2021.10.06"]
[SourceVersion "1"]
[SourceVersionDate "2021.10.06"]
[SourceQuality "1"]

1. Nf3 c5 2. c4 Nc6 3. g3 g6 4. Bg2 Bg7 5. Nc3 d6 6. 0-0 Nf6 7. a3 0-0 8. d3 Be6 9. Bd2 a6 10. Qc1 Re8 11. Bh6 Bh8 12. Rb1 Qc8 13. b4 cxb4 14. axb4 Bh3 15. b5 Bxg2 16. Kxg2 Nd8 17. Ra1 Ng4 18. Bd2 axb5 19. Rxa8 Qxa8 20. Nxb5 Ne6 21. Bc3 Qa2 22. Bxh8 Kxh8 23. Qc3+ Kg8 24. Nfd4 Nxd4 25. Nxd4 Ra8 26. Nc2 Qa5 27. Qd4 Qd2 28. Ne3 Nxe3+ 29. Qxe3 Qxe3 30. fxe3 Ra2 31. Rf2 f5 32. Kf3 Kf7 33. g4 e5 34. h3 Ke6 35. gxf5+ gxf5 36. Rg2 Kf6 37. Rg8 e4+ 38. dxe4 fxe4+ 39. Kxe4 Rxe2 40. Rf8+ Kg6 41. Rd8 Rh2 42. Rxd6+ Kg5 43. Rd7 Rxh3 44. Rxb7 h5 45. c5 Rh4+ 46. Kd5 Rh3 47. Re7 Kf6 48. Re6+ Kf7 49. c6 Rh1 50. Rd6 h4 51. e4 Rd1+ 52. Ke5 Rxd6 53. Kxd6 h3 54. c7 h2 55. c8Q h1Q 56. Qe6+ Kg7 57. e5 Qd1+ 58. Ke7 Qd4 59. Qf6+ Kh7 60. Kf7 Qd7+ 61. Qe7 Qd5+ 62. Kf8+ Kg6 63. Qf6+ Kh5 64. Qf7+ Qxf7+ 65. Kxf7 1-0

[Event "Scarborough CC Spring Swiss"]
[Site "Toronto"]
[Date "2007.03.15"]
[Round "1"]
[White "Wu, Aaron"]
[Black "Bellomo, Joe"]
[Result "0-1"]
[WhiteElo "1491"]
[BlackElo "1778"]
[PlyCount "156"]
[EventDate "2007.03.15"]
[EventType "swiss"]
[EventRounds "8"]
[EventCountry "CAN"]
[SourceTitle "EXT 2022"]
[Source "ChessBase"]
[SourceDate "2021.10.06"]
[SourceVersion "1"]
[SourceVersionDate "2021.10.06"]
[SourceQuality "1"]

1. e4 c5 2. Nf3 d6 3. d4 cxd4 4. Nxd4 Nf6 5. Nc3 a6 6. Be2 e6 7. 0-0 Be7 8. f4 0-0 9. Nf3 Nc6 10. h3 b5 11. Be3 b4 12. Na4 Nxe4 13. Nb6 Rb8 14. Nxc8 Qxc8 15. Qe1 Bf6 16. Bd3 Nc5 17. Bxc5 dxc5 18. Qe4 g6 19. Ne5 Nxe5 20. fxe5 Bg7 21. Rf3 Qb7 22. Qe3 Qb6 23. Re1 Rbd8 24. Bc4 Rd4 25. b3 a5 26. Ref1 Qc6 27. Qf2 Rd7 28. Qe2 Qc7 29. Re1 Qd8 30. Kh1 Rd2 31. Qe4 Rd1 32. Rd3 Rxd3 33. cxd3 Qd4 34. Qxd4 cxd4 35. Re4 Rd8 36. Kh2 Kf8 37. Kg3 Rc8 38. Kf4 Bh6+ 39. Kf3 Be3 40. Rh4 Kg7 41. Re4 Rc5 42. Ke2 h6 43. Kf3 g5 44. g3 Rc6 45. Kg4 Kg6 46. Kf3 f5 47. exf6 Kxf6 48. Kg4 e5 49. Kh5 Rc8 50. Kg4 Re8 51. Kh5 Kg7 52. Kg4 Kg6 53. h4 h5+ 54. Kh3 g4+ 55. Kg2 Kf6 56. Kh1 Rc8 57. Kg2 Ra8 58. Kf1 a4 59. bxa4 Rxa4 60. Bb3 Ra8 61. Kg2 Ra5 62. Kf1 Ke7 63. Ke2 Kd6 64. Kf1 Ra8 65. Bc4 Rf8+ 66. Kg2 Rf2+ 67. Kh1 Rf3 68. Kg2 Rf5 69. Bb3 Ke7 70. Bg8 Kf6 71. Kh2 Rf2+ 72. Kh1 Rd2 73. Bc4 Rb2 74. Bd5 Rd2 75. Bc4 Re2 76. Bd5 Rc2 77. Bg8 Rc3 78. Kg2 Rxd3 0-1

[Event "Scarborough CC-ch reserves"]
[Site "Toronto"]
[Date "2007.01.11"]
[Round "2"]
[White "Haley, Philip G"]
[Black "Wu, Aaron"]
[Result "0-1"]
[WhiteElo "1786"]
[BlackElo "1501"]
[PlyCount "62"]
[EventDate "2007.01.04"]
[EventType "swiss"]
[EventRounds "9"]
[EventCountry "CAN"]
[SourceTitle "EXT 2022"]
[Source "ChessBase"]
[SourceDate "2021.10.06"]
[SourceVersion "1"]
[SourceVersionDate "2021.10.06"]
[SourceQuality "1"]

1. e4 e6 2. d4 d5 3. e5 c5 4. c3 Nc6 5. Nf3 Nge7 6. Be2 Nf5 7. dxc5 Bxc5 8. b4 Bb6 9. 0-0 0-0 10. Bg5 Qc7 11. g4 Nfe7 12. a4 a6 13. Bxe7 Nxe7 14. Bd3 Ng6 15. Bxg6 fxg6 16. Qd3 Rf4 17. h3 Bd7 18. Kg2 Bc6 19. Kg3 Qf7 20. Nbd2 Rf8 21. Ng5 Qe7 22. h4 Bxf2+ 23. Rxf2 Rxf2 24. Ngf3 R2xf3+ 25. Nxf3 Qc7 26. Qe3 d4 27. Nxd4 Be4 28. Re1 Qxe5+ 29. Kh3 Rf1 30. Nf3 Rxe1 31. Nxe1 h5 0-1